Uderz kreta - nagła śmierć - Statystyki

Ogólne statystyki
  • Ten quiz został rozwiązany 10 412 razy
    10 403 od ostatniego zresetowania
  • Średni wynik to 12 z 20
Answers on the Grid
Answers color-coded by a green-red scale on the quiz's grid according to % correct below.
 
Statystyki odpowiedzi
Odpowiedź % Poprawnych
91%
87%
81%
78%
78%
78%
56%
56%
55%
54%
48%
48%
48%
48%
47%
47%
47%
44%
44%
43%
Nie znaleziono quizów pasujących do podanych kryteriów
Rozkład punktacji
Procent ludzi z każdym wynikiem
Percentyl według liczby udzielonych odpowiedzi
Twoja historia wyników
Nie rozwiązałeś tego quizu od ostatniego zresetowania